The Culture of Consent : (Record no. 611219)

MARC details
000 -LEADER
fixed length control field 00505nam a2200193 a 4500
008 - FIXED-LENGTH DATA ELEMENTS--GENERAL INFORMATION
fixed length control field 260207s2002##################000#0#eng##
020 ## - INTERNATIONAL STANDARD BOOK NUMBER
ISBN 9780521526913
082 04 - DEWEY DECIMAL CLASSIFICATION NUMBER
Classification number 306.4
Item number GRA
100 1# - MAIN ENTRY--AUTHOR NAME
Personal name Grazia, Victoria De,
245 10 - TITLE STATEMENT
Title The Culture of Consent :
260 ## - PUBLICATION, DISTRIBUTION, ETC. (IMPRINT)
Name of publisher Cambridge University Press,
Year of publication 2002.
300 ## - PHYSICAL DESCRIPTION
Number of Pages 328 pages
650 #0 - SUBJECT ADDED ENTRY--TOPICAL TERM
Topical Term History.
942 ## - ADDED ENTRY ELEMENTS (KOHA)
Koha item type English Books
Holdings
Withdrawn status Lost status Damaged status Not for loan Home library Current library Shelving location Date acquired Full call number Accession Number Price effective from Koha item type
        Anna Centenary Library Anna Centenary Library 3RD FLOOR, B WING 07.02.2026 306.4 GRA 234562 07.02.2026 English Books

Find us on the map